000 00864nam a2200289Ia 4500
003 OSt
005 20220928132615.0
006 a|||||r|||| 00| 0
007 ta
008 220927b |||||||| |||| 00| 0 eng d
020 _c9800.2160000000003
024 _a113969
037 _b232, 20/12/2011, N.R.Book Distributors
_cTextual
040 _aSDCL
_cSDCL
_beng
041 _2eng
_aeng
082 _aG:6, Q2
100 _aKlug William S
245 0 _aConcepts of genetics.
250 _a10
260 _aDelhi
_bPearson
_c2012
300 _axxxvii,742p.
_ccm.
650 _aPlant Molecular Biology
700 _a Cummings Michael R
_9421078
700 _a Spencer Charlotte A
942 _hG:6, Q2
_cTEXL
_2CC
999 _c795140
_d795140